000 00553nam a2200157Ia 4500
008 170224s9999 xx 000 0 und d
100 _aSerena Carpenter
245 2 _aA Qualitative and Quantitative Study of Social Media Communicators: An Extension of Role Theory to Digital Media Workers
245 _cSerena Carpenter & Alisa P. Lertpratchya
260 _bJournal of Broadcasting & Electronic Media
260 _cSeptember
300 _a60:3, Pages: 448-464
500 _aSeptember
650 _xCommunication Arts
650 _xMultimedia Arts
999 _c316173
_d316173